| 000 | 00372nam a2200133Ia 4500 | ||
|---|---|---|---|
| 008 | 231129s1990||||xx |||||||||||||| ||spa|| | ||
| 020 | _a968-422-701-9 Tomo | ||
| 040 | _bspa | ||
| 082 | _aR 574.03 P243d | ||
| 245 | 0 | _aDiccionario McGraw-Hill de Biología | |
| 260 | _c1990 | ||
| 264 | _aMéxico; Bogotá : McGraw-Hill | ||
| 942 |
_2ddc _cBKS |
||
| 999 |
_c9480 _d9480 |
||